Capitals with the longest and shortest names by continent - Statistics

General Stats
  • This quiz has been taken 28 times
    26 since last reset
  • The average score is 10 of 12
Answer Stats
Continent Capital City Letters % Correct
Lima 4
100%
Apia / Suva 4
89%
Baku / Dili / Doha / Male 4
89%
Bern / Kyiv / Oslo / Riga / Rome 4
89%
Havana / Nassau / Ottawa / Roseau 6
89%
Juba / Lomé 4
89%
Buenos Aires 11
84%
Andorra la Vella 14
79%
Guatemala City 13
79%
Sri Jayawardenepura Kotte 23
74%
Port Moresby / South Tarawa 11
68%
Ciudad de la Paz 13
21%
No matching quizzes found
Score Distribution
Percent of People with Each Score
Percentile by Number Answered
Your Score History
You have not taken this quiz since the last reset